[Event "Bucharest Fest IM (Women)"]
[Site "Bucharest"]
[Date "1998.??.??"]
[Round "?"]
[White "Andreescu, Aurora Nicoleta"]
[Black "Ionescu, Viorica"]
[Result "1-0"]
[WhiteElo "2080"]
[BlackElo "2170"]
[PlyCount "111"]
[EventDate "1998.10.??"]
[EventType "tourn"]
[EventRounds "11"]
[EventCountry "ROU"]
[EventCategory "5"]
[SourceTitle "EXT 2000"]
[Source "ChessBase"]
[SourceDate "1999.11.16"]
[SourceVersion "1"]
[SourceVersionDate "1999.11.16"]
[SourceQuality "1"]

1. e4 c5 2. Nf3 d6 3. d4 Nf6 4. Nc3 cxd4 5. Qxd4 Nc6 6. Bb5 Bd7 7. Bxc6 Bxc6 8. Bg5 e6 9. 0-0-0 Be7 10. Rhe1 0-0 11. Nd2 b5 12. f3 a5 13. g4 Qc7 14. Kb1 Rfc8 15. h4 b4 16. Ne2 Ba4 17. Rc1 Bxc2+ 18. Ka1 d5 19. e5 Ne8 20. Rxc2 Qxc2 21. Bxe7 Qc7 22. Bg5 Qb7 23. h5 Rc2 24. Qd3 Rac8 25. Nb3 a4 26. Nbd4 R2c4 27. Bf4 Nc7 28. g5 Nb5 29. g6 Nxd4 30. Nxd4 Qa7 31. gxh7+ Kh8 32. Rd1 a3 33. b3 Rc3 34. Qd2 Qc5 35. Kb1 Kxh7 36. Qg2 Qa5 37. Rg1 Rg8 38. Qg6+ Kh8 39. Qxf7 Qb6 40. Rd1 Rc7 41. Qg6 Qc5 42. Nxe6 Qf2 43. Bd2 Qxf3 44. Rc1 Rxc1+ 45. Bxc1 Qe4+ 46. Qxe4 dxe4 47. Ng5 Re8 48. Bf4 Kg8 49. e6 Rd8 50. e7 Re8 51. Bd6 Rc8 52. Nxe4 Kf7 53. Bxb4 Rh8 54. Ng3 Ra8 55. Kc2 Ke6 56. Bc3 1-0

[Event "Bucharest Fest IM (Women)"]
[Site "Bucharest"]
[Date "1998.??.??"]
[Round "?"]
[White "Ionescu, Viorica"]
[Black "Barasiant, Mariana"]
[Result "1-0"]
[WhiteElo "2170"]
[BlackElo "2000"]
[PlyCount "65"]
[EventDate "1998.10.??"]
[EventType "tourn"]
[EventRounds "11"]
[EventCountry "ROU"]
[EventCategory "5"]
[SourceTitle "EXT 2000"]
[Source "ChessBase"]
[SourceDate "1999.11.16"]
[SourceVersion "1"]
[SourceVersionDate "1999.11.16"]
[SourceQuality "1"]

1. d4 d5 2. c4 e6 3. Nf3 Be7 4. Nc3 c6 5. Bf4 Nf6 6. cxd5 exd5 7. Qc2 0-0 8. e3 Re8 9. 0-0-0 Bb4 10. Bd3 Nbd7 11. h4 Bxc3 12. Qxc3 Ne4 13. Qc2 Qa5 14. Kb1 c5 15. Ng5 Ndf6 16. f3 c4 17. Bf1 Bf5 18. fxe4 Nxe4 19. Ka1 Ng3 20. e4 Bxe4 21. Nxe4 Nxh1 22. Ng5 g6 23. g4 Re1 24. Bd2 Rxd1+ 25. Qxd1 Qc7 26. Qf3 h6 27. Nh3 Qh2 28. Bg2 Re8 29. a3 Ng3 30. Qxd5 Re2 31. Bxh6 Qxg2 32. Qd8+ Kh7 33. Ng5+ 1-0

[Event "Bucharest Fest IM (Women)"]
[Site "Bucharest"]
[Date "1998.??.??"]
[Round "?"]
[White "Ionescu, Viorica"]
[Black "Dragomirescu, Angela"]
[Result "1/2-1/2"]
[WhiteElo "2170"]
[BlackElo "2155"]
[PlyCount "82"]
[EventDate "1998.10.??"]
[EventType "tourn"]
[EventRounds "11"]
[EventCountry "ROU"]
[EventCategory "5"]
[SourceTitle "EXT 2000"]
[Source "ChessBase"]
[SourceDate "1999.11.16"]
[SourceVersion "1"]
[SourceVersionDate "1999.11.16"]
[SourceQuality "1"]

1. d4 d5 2. c4 c6 3. Nf3 Nf6 4. Nc3 a6 5. a4 e6 6. e3 Bd6 7. Bd3 Nbd7 8. 0-0 0-0 9. e4 dxc4 10. Bxc4 e5 11. dxe5 Nxe5 12. Nxe5 Bxe5 13. Qxd8 Rxd8 14. f3 Be6 15. Be2 b5 16. axb5 axb5 17. Be3 Bb3 18. Rfc1 Rxa1 19. Rxa1 b4 20. Nd1 Bxd1 21. Rxd1 Rxd1+ 22. Bxd1 Bxb2 23. Ba4 Bc3 24. Kf2 Nd7 25. Ke2 Ne5 26. h3 Nc4 27. Bc5 g6 28. Bc2 Kg7 29. f4 Nd2 30. Kd3 Kf6 31. Ba4 h5 32. Be3 Nf1 33. Bf2 Ke6 34. Bxc6 Nd2 35. Bd5+ Ke7 36. Bc5+ Kf6 37. Be3 Nf1 38. Bc5 Nd2 39. Be3 Nf1 40. Bc5 Nd2 41. g3 b3 1/2-1/2

[Event "Bucharest Fest IM (Women)"]
[Site "Bucharest"]
[Date "1998.??.??"]
[Round "?"]
[White "Ionescu, Viorica"]
[Black "Kalinina, Vladislava"]
[Result "0-1"]
[WhiteElo "2170"]
[BlackElo "2165"]
[PlyCount "60"]
[EventDate "1998.10.??"]
[EventType "tourn"]
[EventRounds "11"]
[EventCountry "ROU"]
[EventCategory "5"]
[SourceTitle "EXT 2000"]
[Source "ChessBase"]
[SourceDate "1999.11.16"]
[SourceVersion "1"]
[SourceVersionDate "1999.11.16"]
[SourceQuality "1"]

1. d4 Nf6 2. c4 d6 3. Nc3 c6 4. e4 Nbd7 5. g3 e5 6. Nge2 Be7 7. Bg2 a6 8. a4 a5 9. 0-0 0-0 10. h3 Re8 11. Be3 exd4 12. Nxd4 Bf8 13. Qc2 Nc5 14. Rad1 Qc7 15. Rfe1 Bd7 16. f4 Rad8 17. Bf2 Bc8 18. g4 h6 19. Nf5 Ne6 20. Be3 g6 21. Ng3 d5 22. Nce2 d4 23. Bc1 g5 24. f5 Nc5 25. Nh5 d3 26. Qc3 dxe2 27. Rxd8 Rxd8 28. Qc2 Nd3 29. Rxe2 Nxc1 30. Qxc1 Qe5 0-1

[Event "Bucharest Fest IM (Women)"]
[Site "Bucharest"]
[Date "1998.??.??"]
[Round "?"]
[White "Ionescu, Viorica"]
[Black "Zatonskih, Anna"]
[Result "0-1"]
[WhiteElo "2170"]
[BlackElo "2320"]
[PlyCount "145"]
[EventDate "1998.10.??"]
[EventType "tourn"]
[EventRounds "11"]
[EventCountry "ROU"]
[EventCategory "5"]
[SourceTitle "EXT 2000"]
[Source "ChessBase"]
[SourceDate "1999.11.16"]
[SourceVersion "1"]
[SourceVersionDate "1999.11.16"]
[SourceQuality "1"]

1. d4 e6 2. c4 Nf6 3. Nc3 Bb4 4. f3 c5 5. a3 Bxc3+ 6. bxc3 d5 7. cxd5 Nxd5 8. dxc5 Qa5 9. e4 Ne7 10. Be3 0-0 11. Qb3 e5 12. Bc4 Na6 13. Ne2 Nc6 14. 0-0 Nxc5 15. Qb5 Qxb5 16. Bxb5 Ne6 17. Rad1 Na5 18. Ng3 b6 19. Nf5 Bb7 20. Nd6 Bc6 21. Bxc6 Nxc6 22. g3 Rfd8 23. Nxf7 Rxd1 24. Rxd1 Kf8 25. Rd7 Ke8 26. Rd5 Ke7 27. a4 g6 28. Bc1 Kf6 29. Ba3 Rc8 30. Rd7 Nb8 31. Rd3 Na6 32. Nd6 Rd8 33. Rd5 Nec7 34. Rd2 Ke6 35. Kf2 Ne8 36. Nc4 Rxd2+ 37. Nxd2 Nd6 38. Ke3 Nb7 39. Kd3 Nbc5+ 40. Bxc5 Nxc5+ 41. Kc4 Nxa4 42. Nb3 Nb2+ 43. Kb5 Nd3 44. Ka6 Ne1 45. Kxa7 Nxf3 46. Kxb6 Nxh2 47. c4 Ng4 48. c5 Nf6 49. c6 Ne8 50. Nc5+ Kd6 51. Nb7+ Ke7 52. c7 Kd7 53. Nc5+ Kc8 54. Kc6 Nxc7 55. Kd6 h5 56. Kxe5 Kd8 57. Kf6 Ke8 58. Nd3 Kf8 59. Nf4 Ne8+ 60. Kg5 Kg7 61. e5 Nc7 62. g4 hxg4 63. Kxg4 Kh6 64. Ng2 Nd5 65. Nh4 Nb4 66. Nf3 Nd3 67. Kh4 Nc5 68. Kg4 Ne6 69. Nd2 Kg7 70. Ne4 Kf8 71. Nf6 Ke7 72. Ng8+ Kd7 73. Nh6 0-1

[Event "Groningen op"]
[Site "Groningen"]
[Date "1994.??.??"]
[Round "4"]
[White "Dirr, Ulrich"]
[Black "Ionescu, Viorica"]
[Result "1-0"]
[WhiteElo "2275"]
[BlackElo "2170"]
[PlyCount "55"]
[EventDate "1994.12.??"]
[EventType "swiss"]
[EventRounds "11"]
[EventCountry "NED"]
[SourceTitle "EXT 1997"]
[Source "ChessBase"]
[SourceDate "1996.11.15"]
[SourceVersion "1"]
[SourceVersionDate "1996.11.15"]
[SourceQuality "1"]

1. e4 c5 2. Nf3 d6 3. c3 Nf6 4. Bd3 g6 5. Bc2 Bh6 6. 0-0 0-0 7. h3 Nc6 8. d4 Bxc1 9. Qxc1 cxd4 10. cxd4 e5 11. d5 Nb4 12. Bb3 Kg7 13. Qe3 a5 14. Nc3 Bd7 15. a3 Na6 16. Nd2 Nh5 17. Nc4 Nc5 18. Bd1 Nf4 19. Kh2 Qc7 20. a4 Rfe8 21. b3 f5 22. exf5 gxf5 23. Qg3+ Ng6 24. Bc2 Rg8 25. Qg5 Raf8 26. g3 Kh8 27. Qh6 f4 28. Bxg6 1-0

[Event "ROM-ch (Women)"]
[Site "Romania"]
[Date "1994.??.??"]
[Round "?"]
[White "Ionescu, Viorica"]
[Black "Bollengier, Andreea"]
[Result "1/2-1/2"]
[WhiteElo "2170"]
[BlackElo "2120"]
[PlyCount "124"]
[EventDate "1994.??.??"]
[EventType "tourn"]
[EventRounds "13"]
[EventCountry "ROU"]
[SourceTitle "EXT 1997"]
[Source "ChessBase"]
[SourceDate "1996.11.15"]
[SourceVersion "1"]
[SourceVersionDate "1996.11.15"]
[SourceQuality "1"]

1. d4 d5 2. c4 c6 3. Nf3 Nf6 4. Qc2 e6 5. g3 Nbd7 6. Bg2 Be7 7. 0-0 0-0 8. Nbd2 b6 9. e4 dxe4 10. Nxe4 Bb7 11. Rd1 Qc8 12. Bg5 c5 13. d5 exd5 14. cxd5 h6 15. Bxf6 Nxf6 16. Nc3 Bd6 17. Nh4 a6 18. Nf5 Rd8 19. Na4 Qc7 20. Rac1 Rac8 21. Qc3 b5 22. Nxd6 Qxd6 23. Nxc5 Bxd5 24. Qa5 Qc6 25. Bxd5 Rxd5 26. b4 Rxd1+ 27. Rxd1 Qf3 28. Rd8+ Rxd8 29. Qxd8+ Kh7 30. Qd3+ Qxd3 31. Nxd3 Nd5 32. a3 Kg6 33. Nc5 Nc7 34. f4 Kf5 35. Kf2 Kg4 36. Kg2 h5 37. h3+ Kf5 38. Kf3 g5 39. g4+ hxg4+ 40. hxg4+ Kf6 41. Ne4+ Kg6 42. Nxg5 Nd5 43. Ne4 f5 44. Nc5 fxg4+ 45. Kxg4 Ne3+ 46. Kf3 Nc2 47. Ke4 Nxa3 48. Nxa6 Nc2 49. Ke5 Kf7 50. Kf5 Ne3+ 51. Ke4 Nc2 52. Kd3 Na3 53. Nc7 Kf6 54. Kc3 Kf5 55. Kb3 Nc4 56. Nxb5 Nb6 57. Nc3 Kxf4 58. Na4 Nd5 59. b5 Ke5 60. Kc4 Kd6 61. Kd4 Nc7 62. b6 Kc6 1/2-1/2

[Event "ROM-ch (Women)"]
[Site "Romania"]
[Date "1994.??.??"]
[Round "?"]
[White "Ionescu, Viorica"]
[Black "Ionescu, Irina"]
[Result "1/2-1/2"]
[WhiteElo "2170"]
[BlackElo "2200"]
[PlyCount "130"]
[EventDate "1994.??.??"]
[EventType "tourn"]
[EventRounds "13"]
[EventCountry "ROU"]
[SourceTitle "EXT 1997"]
[Source "ChessBase"]
[SourceDate "1996.11.15"]
[SourceVersion "1"]
[SourceVersionDate "1996.11.15"]
[SourceQuality "1"]

1. d4 d5 2. c4 c6 3. Nf3 Nf6 4. Qc2 g6 5. g3 Bg7 6. Bg2 0-0 7. 0-0 Bf5 8. Qb3 Qb6 9. Nbd2 dxc4 10. Qxc4 Nbd7 11. Re1 Ne4 12. e3 c5 13. Nh4 Nxd2 14. Bxd2 cxd4 15. Nxf5 gxf5 16. exd4 e6 17. Be3 Rac8 18. Qa4 Rfd8 19. Rac1 Nf6 20. d5 Rxc1 21. Rxc1 Qxb2 22. Qa5 b6 23. Qxa7 Nxd5 24. Bxd5 exd5 25. Qxb6 Qxb6 26. Bxb6 Rb8 27. Rc6 Bc3 28. Rd6 Kg7 29. a4 Ra8 30. Rxd5 Rxa4 31. Rxf5 Kg6 32. Rb5 Bd4 33. Bxd4 Rxd4 34. Kg2 Rd3 35. Rb7 Ra3 36. Re7 Kf6 37. Re3 Ra2 38. h3 Kg6 39. Kf3 Rb2 40. Re2 Rb3+ 41. Kg4 Rb4+ 42. f4 Ra4 43. Rf2 Ra3 44. Kh4 Rb3 45. g4 h6 46. Ra2 Rb6 47. f5+ Kg7 48. Kh5 Rc6 49. h4 Rb6 50. Ra7 Rc6 51. g5 hxg5 52. hxg5 Kg8 53. f6 Rc1 54. Ra8+ Kh7 55. Rf8 Rc7 56. Kg4 Rb7 57. Kf4 Ra7 58. Ke4 Ra4+ 59. Ke5 Ra5+ 60. Kd6 Rxg5 61. Ke7 Ra5 62. Rxf7+ Kh8 63. Rg7 Ra7+ 64. Kf8 Ra8+ 65. Kf7 Rf8+ 1/2-1/2

[Event "Bucharest-B (Women)"]
[Site "Bucharest"]
[Date "1994.??.??"]
[Round "?"]
[White "Ionescu, Viorica"]
[Black "Zatonskih, Anna"]
[Result "1/2-1/2"]
[WhiteElo "2175"]
[BlackElo "2135"]
[PlyCount "87"]
[EventDate "1994.??.??"]
[EventType "tourn"]
[EventRounds "11"]
[EventCountry "ROU"]
[SourceTitle "EXT 1997"]
[Source "ChessBase"]
[SourceDate "1996.11.15"]
[SourceVersion "1"]
[SourceVersionDate "1996.11.15"]
[SourceQuality "1"]

1. d4 e6 2. c4 f5 3. Nf3 Nf6 4. g3 Be7 5. Bg2 0-0 6. 0-0 d6 7. b3 Qe8 8. Bb2 Qh5 9. Nc3 c6 10. b4 Nbd7 11. Qb3 Kh8 12. Rfe1 e5 13. dxe5 Nxe5 14. c5 f4 15. Rad1 fxg3 16. hxg3 Nfg4 17. Ne4 d5 18. Nd6 Bxd6 19. cxd6 Be6 20. Bxe5 Nxe5 21. Nxe5 Qxe5 22. e4 dxe4 23. Qc2 Bd5 24. d7 Qd6 25. Bxe4 Qxd7 26. Bxd5 cxd5 27. Qc5 Rac8 28. Qxd5 Qxd5 29. Rxd5 Rc2 30. Rf5 Kg8 31. Rxf8+ Kxf8 32. a3 Rc3 33. Ra1 Rb3 34. Ra2 Ke7 35. Kf1 Kd7 36. Ke2 Kc6 37. Kd2 Kb5 38. Kc2 Rf3 39. Kc1 Ka4 40. Rd2 Kxa3 41. Rd7 b5 42. Rxa7+ Kxb4 43. Rxg7 h5 44. Rg5 1/2-1/2

[Event "ROM-ch (Women)"]
[Site "Romania"]
[Date "1994.??.??"]
[Round "?"]
[White "Peptan, Corina Isabela"]
[Black "Ionescu, Viorica"]
[Result "1-0"]
[WhiteElo "2255"]
[BlackElo "2170"]
[PlyCount "59"]
[EventDate "1994.??.??"]
[EventType "tourn"]
[EventRounds "13"]
[EventCountry "ROU"]
[SourceTitle "EXT 1997"]
[Source "ChessBase"]
[SourceDate "1996.11.15"]
[SourceVersion "1"]
[SourceVersionDate "1996.11.15"]
[SourceQuality "1"]

1. e4 c5 2. Nf3 Nc6 3. Bb5 g6 4. 0-0 Bg7 5. c3 e5 6. d4 exd4 7. cxd4 cxd4 8. Na3 Nge7 9. Bf4 0-0 10. Bd6 a6 11. Bd3 b5 12. Nc2 Bb7 13. e5 Re8 14. a4 b4 15. Be4 Qb6 16. Ncxd4 Nc8 17. Bxc6 dxc6 18. a5 Qa7 19. Nb3 Nxd6 20. exd6 Bxb2 21. Ra2 Bc3 22. d7 Red8 23. Qd6 c5 24. Nxc5 Bxf3 25. gxf3 b3 26. Ra4 Bg7 27. Qd5 Bf8 28. Nb7 b2 29. Rf4 Rab8 30. Nxd8 1-0

[Event "Timisoara zt-A (Women)"]
[Site "Timisoara"]
[Date "1993.??.??"]
[Round "1"]
[White "Ionescu, Viorica"]
[Black "Brustman, Agnieszka"]
[Result "1/2-1/2"]
[WhiteElo "2150"]
[BlackElo "2300"]
[PlyCount "35"]
[EventDate "1993.??.??"]
[EventType "tourn"]
[EventRounds "9"]
[EventCountry "ROU"]
[SourceTitle "TD"]
[Source "ChessBase"]
[SourceDate "1994.03.01"]
[SourceVersion "1"]
[SourceVersionDate "1994.03.01"]
[SourceQuality "1"]

1. d4 Nf6 2. c4 g6 3. Nc3 Bg7 4. e4 d6 5. h3 0-0 6. Bg5 c6 7. Qd2 Nbd7 8. Bd3 e5 9. d5 cxd5 10. cxd5 Nc5 11. Bc2 a5 12. Nge2 a4 13. 0-0 Qb6 14. Be3 Bd7 15. Rab1 Qc7 16. b4 axb3 17. axb3 b5 18. b4 1/2-1/2

[Event "Timisoara zt-A (Women)"]
[Site "Timisoara"]
[Date "1993.??.??"]
[Round "7"]
[White "Ionescu, Viorica"]
[Black "Chilingirova, Pavlina"]
[Result "1-0"]
[WhiteElo "2150"]
[BlackElo "2250"]
[PlyCount "123"]
[EventDate "1993.??.??"]
[EventType "tourn"]
[EventRounds "9"]
[EventCountry "ROU"]
[SourceTitle "TD"]
[Source "ChessBase"]
[SourceDate "1994.03.01"]
[SourceVersion "1"]
[SourceVersionDate "1994.03.01"]
[SourceQuality "1"]

1. d4 d6 2. c4 e5 3. Nf3 e4 4. Ng5 f5 5. Nc3 c6 6. Nh3 Nf6 7. Bg5 Be7 8. e3 0-0 9. Nf4 Na6 10. Be2 Nc7 11. h4 Ne6 12. Qb3 Nxf4 13. Bxf4 Qb6 14. 0-0 Qxb3 15. axb3 Be6 16. b4 a6 17. Ra5 Rac8 18. b5 axb5 19. cxb5 Nd5 20. Nxd5 Bxd5 21. bxc6 bxc6 22. Ra7 Rfe8 23. b4 Bf8 24. b5 cxb5 25. Bxb5 Ra8 26. Rc7 Rec8 27. Rxc8 Rxc8 28. Bd7 Rd8 29. Bxf5 g6 30. Bg4 h5 31. Be2 Be7 32. Bg3 Bf7 33. Rc1 Bd5 34. Rc7 Kf7 35. Bf4 Ke6 36. g4 Bxh4 37. gxh5 gxh5 38. Bxh5 Rg8+ 39. Kh2 Be7 40. Be2 Bb3 41. Rb7 Bd5 42. Ra7 Ra8 43. Bg4+ Kf6 44. Rxa8 Bxa8 45. Kg3 Bd5 46. Bd7 Kf7 47. Ba4 Bc4 48. Bc2 d5 49. Bd1 Bb4 50. Kg4 Ke6 51. Kg5 Bb5 52. Bg4+ Ke7 53. Kg6 Be8+ 54. Kg7 Bd7 55. Bg5+ Kd6 56. Bh5 Be6 57. Kf6 Bd7 58. Bf4+ Kc6 59. Bd1 Kb5 60. Bb3 Bc6 61. Ke5 Be1 62. Bg3 1-0

[Event "Timisoara zt-A (Women)"]
[Site "Timisoara"]
[Date "1993.??.??"]
[Round "3"]
[White "Ionescu, Viorica"]
[Black "Grabics, Monika"]
[Result "1/2-1/2"]
[WhiteElo "2150"]
[BlackElo "2185"]
[PlyCount "91"]
[EventDate "1993.??.??"]
[EventType "tourn"]
[EventRounds "9"]
[EventCountry "ROU"]
[SourceTitle "TD"]
[Source "ChessBase"]
[SourceDate "1994.03.01"]
[SourceVersion "1"]
[SourceVersionDate "1994.03.01"]
[SourceQuality "1"]

1. d4 Nf6 2. c4 g6 3. Nc3 Bg7 4. e4 d6 5. h3 0-0 6. Bg5 c5 7. d5 e6 8. Bd3 exd5 9. exd5 Nbd7 10. f4 Qa5 11. a4 Re8+ 12. Kf2 Qb4 13. Nge2 h6 14. Bh4 g5 15. fxg5 hxg5 16. Bxg5 Ne5 17. Qc2 Qxb2 18. Bxf6 Qxc2 19. Bxc2 Bxf6 20. Ne4 Be7 21. Nd2 Ng6 22. Rab1 b6 23. Nc3 Bf6 24. Nb5 Rd8 25. Ne4 Be5 26. g4 Kf8 27. Rhf1 Ba6 28. Kg1 Nf4 29. Rf3 Bxb5 30. axb5 a5 31. bxa6 Rxa6 32. Rbf1 Ra2 33. R1f2 Bd4 34. Rxf4 Rxc2 35. Rxf7+ Kg8 36. Ng5 Re8 37. Ne6 Bxf2+ 38. Rxf2 Rxc4 39. g5 Rc3 40. Kg2 Re3 41. Rf6 c4 42. Rg6+ Kh7 43. Rh6+ Kg8 44. Rg6+ Kh7 45. Rh6+ Kg8 46. Rg6+ 1/2-1/2

[Event "Timisoara zt-A (Women)"]
[Site "Timisoara"]
[Date "1993.??.??"]
[Round "6"]
[White "Krupkova, Petra"]
[Black "Ionescu, Viorica"]
[Result "1-0"]
[WhiteElo "2210"]
[BlackElo "2150"]
[PlyCount "65"]
[EventDate "1993.??.??"]
[EventType "tourn"]
[EventRounds "9"]
[EventCountry "ROU"]
[SourceTitle "TD"]
[Source "ChessBase"]
[SourceDate "1994.03.01"]
[SourceVersion "1"]
[SourceVersionDate "1994.03.01"]
[SourceQuality "1"]

1. d4 f5 2. c4 Nf6 3. Nf3 g6 4. Nc3 Bg7 5. g3 0-0 6. Bg2 d6 7. 0-0 Qe8 8. Rb1 e5 9. dxe5 dxe5 10. e4 Nc6 11. Re1 fxe4 12. Ng5 Bg4 13. Qb3 Rb8 14. Be3 Nd4 15. Bxd4 exd4 16. c5+ Kh8 17. Ncxe4 Qd7 18. Nd2 c6 19. Nc4 Nd5 20. Nd6 h6 21. Nge4 Nf6 22. Qd3 Ne8 23. b4 Nxd6 24. Nxd6 Bf5 25. Be4 Bxe4 26. Rxe4 Kh7 27. Rbe1 b6 28. Re7 Qg4 29. Ne8 Rbxe8 30. Rxe8 bxc5 31. Qc4 h5 32. Qg8+ Kh6 33. R1e7 1-0

[Event "Timisoara zt-A (Women)"]
[Site "Timisoara"]
[Date "1993.??.??"]
[Round "2"]
[White "Peptan, Corina Isabela"]
[Black "Ionescu, Viorica"]
[Result "1-0"]
[WhiteElo "2355"]
[BlackElo "2150"]
[PlyCount "51"]
[EventDate "1993.??.??"]
[EventType "tourn"]
[EventRounds "9"]
[EventCountry "ROU"]
[SourceTitle "TD"]
[Source "ChessBase"]
[SourceDate "1994.03.01"]
[SourceVersion "1"]
[SourceVersionDate "1994.03.01"]
[SourceQuality "1"]

1. e4 c5 2. c3 d5 3. exd5 Qxd5 4. d4 Nf6 5. Nf3 Bg4 6. Be2 e6 7. Na3 cxd4 8. Nb5 Na6 9. Nbxd4 e5 10. Qa4+ Bd7 11. Nb5 Be7 12. Qxa6 0-0 13. Nc7 Qc5 14. Qc4 Qxc4 15. Bxc4 Rac8 16. Nd5 Rxc4 17. Nxe7+ Kh8 18. 0-0 Be6 19. b3 Rc7 20. Ba3 Re8 21. Nxe5 b5 22. N7c6 Bd5 23. Bd6 Rb7 24. Nb4 Re6 25. Nxd5 Nxd5 26. c4 1-0

[Event "ROM-ch (Women)"]
[Site "Romania"]
[Date "1992.??.??"]
[Round "6"]
[White "Caravan, Mariana"]
[Black "Ionescu, Viorica"]
[Result "0-1"]
[WhiteElo "2105"]
[BlackElo "2140"]
[PlyCount "70"]
[EventDate "1992.??.??"]
[EventType "tourn"]
[EventRounds "13"]
[EventCountry "ROU"]
[SourceTitle "TD"]
[Source "ChessBase"]
[SourceDate "1994.03.01"]
[SourceVersion "1"]
[SourceVersionDate "1994.03.01"]
[SourceQuality "1"]

1. d4 f5 2. Nd2 Nf6 3. Ndf3 g6 4. h4 Bg7 5. Nh3 d6 6. Nf4 e6 7. c4 Qe7 8. h5 gxh5 9. Nxh5 Nxh5 10. Rxh5 Nd7 11. Bh6 Bxh6 12. Rxh6 Nf6 13. Qc2 Ng4 14. Rh1 Bd7 15. e4 0-0-0 16. Bd3 c5 17. 0-0-0 f4 18. dxc5 dxc5 19. e5 Bc6 20. Rhe1 h5 21. Be4 Rxd1+ 22. Kxd1 Rd8+ 23. Kc1 Bxe4 24. Rxe4 Qg7 25. Re2 Nh6 26. Rd2 Rxd2 27. Qxd2 Qxg2 28. Qxf4 Qf1+ 29. Kc2 Qxf2+ 30. Kc3 Nf5 31. Qe4 h4 32. Qd3 h3 33. Ng5 Qd4+ 34. Kc2 Qxd3+ 35. Kxd3 h2 0-1

[Event "ROM-ch (Women)"]
[Site "Romania"]
[Date "1992.??.??"]
[Round "5"]
[White "Cosma, Elena Luminita"]
[Black "Ionescu, Viorica"]
[Result "1-0"]
[WhiteElo "2215"]
[BlackElo "2140"]
[PlyCount "59"]
[EventDate "1992.??.??"]
[EventType "tourn"]
[EventRounds "13"]
[EventCountry "ROU"]
[SourceTitle "TD"]
[Source "ChessBase"]
[SourceDate "1994.03.01"]
[SourceVersion "1"]
[SourceVersionDate "1994.03.01"]
[SourceQuality "1"]

1. e4 c5 2. Nf3 d6 3. d4 cxd4 4. Nxd4 Nf6 5. Nc3 g6 6. Be2 Bg7 7. 0-0 0-0 8. Re1 Nc6 9. Nb3 Be6 10. Bf1 Rc8 11. Bg5 a6 12. Qd2 Re8 13. Rad1 Na5 14. Nd5 Bxd5 15. Nxa5 Be6 16. e5 dxe5 17. Qxd8 Rcxd8 18. Nxb7 Rb8 19. Nc5 Bf5 20. b3 a5 21. c4 Rec8 22. Na4 Nd7 23. Bxe7 Nb6 24. Nxb6 Rxb6 25. Rd8+ Rxd8 26. Bxd8 Ra6 27. c5 Ra8 28. Bb6 a4 29. Bc4 axb3 30. Bxb3 1-0

[Event "ROM-ch (Women)"]
[Site "Romania"]
[Date "1992.??.??"]
[Round "3"]
[White "Cretu, Alina"]
[Black "Ionescu, Viorica"]
[Result "1/2-1/2"]
[WhiteElo "2040"]
[BlackElo "2140"]
[PlyCount "96"]
[EventDate "1992.??.??"]
[EventType "tourn"]
[EventRounds "13"]
[EventCountry "ROU"]
[SourceTitle "TD"]
[Source "ChessBase"]
[SourceDate "1994.03.01"]
[SourceVersion "1"]
[SourceVersionDate "1994.03.01"]
[SourceQuality "1"]

1. c4 e5 2. g3 g6 3. Bg2 Bg7 4. Nc3 d6 5. d3 f5 6. e3 Nh6 7. Nge2 Nf7 8. f4 0-0 9. 0-0 Nd7 10. b4 Re8 11. Rb1 Nf6 12. Qc2 g5 13. fxg5 Nxg5 14. e4 Ng4 15. exf5 Nh6 16. Ne4 Ngf7 17. f6 Bh8 18. Bxh6 Nxh6 19. Qd2 Nf7 20. Rf2 c6 21. Rbf1 h6 22. N2c3 a5 23. b5 Be6 24. bxc6 bxc6 25. h3 Qb6 26. g4 d5 27. c5 Qa7 28. Nd6 Nxd6 29. cxd6 Bxf6 30. Qxh6 Bg7 31. Qg6 Qe3 32. h4 e4 33. dxe4 Qxc3 34. d7 Bxd7 35. Qf7+ Kh8 36. Qxd7 dxe4 37. Rf7 e3 38. Re7 Rxe7 39. Qxe7 Qd4 40. Kh1 Qxg4 41. Qxe3 Qxh4+ 42. Qh3 Qxh3+ 43. Bxh3 Rd8 44. Rc1 Rd6 45. Rc5 Rd1+ 46. Kg2 Rd2+ 47. Kf3 Rxa2 48. Rh5+ Bh6 1/2-1/2

[Event "ROM-ch (Women)"]
[Site "Romania"]
[Date "1992.??.??"]
[Round "10"]
[White "Marin, Irina Luiza"]
[Black "Ionescu, Viorica"]
[Result "0-1"]
[WhiteElo "2261"]
[BlackElo "2140"]
[PlyCount "62"]
[EventDate "1992.??.??"]
[EventType "tourn"]
[EventRounds "13"]
[EventCountry "ROU"]
[SourceTitle "TD"]
[Source "ChessBase"]
[SourceDate "1994.03.01"]
[SourceVersion "1"]
[SourceVersionDate "1994.03.01"]
[SourceQuality "1"]

1. e4 c5 2. Nf3 Nc6 3. d4 cxd4 4. Nxd4 e5 5. Nb5 d6 6. c4 Be7 7. N1c3 a6 8. Na3 Be6 9. Be3 Bg5 10. Qd2 Bxe3 11. Qxe3 Nge7 12. Nc2 0-0 13. Be2 f5 14. 0-0 f4 15. Qd3 Ng6 16. Kh1 Nh4 17. Rg1 Rf6 18. g3 Ng6 19. Rad1 Qb6 20. Rd2 Kh8 21. Bh5 fxg3 22. fxg3 Raf8 23. Ne3 Nge7 24. Bg4 Bg8 25. Nf5 g6 26. Nh6 Nb4 27. Qb1 Bxc4 28. b3 Rf1 29. Rxf1 Rxf1+ 30. Qxf1 Bxf1 31. Rxd6 Qf2 0-1

[Event "ROM-chT"]
[Site "Romania"]
[Date "1992.??.??"]
[Round "?"]
[White "Olarasu, Gabriela"]
[Black "Ionescu, Viorica"]
[Result "1/2-1/2"]
[WhiteElo "2250"]
[BlackElo "2175"]
[PlyCount "82"]
[EventDate "1992.??.??"]
[EventType "team"]
[EventRounds "9"]
[EventCountry "ROU"]
[SourceTitle "EXT 1997"]
[Source "ChessBase"]
[SourceDate "1996.11.15"]
[SourceVersion "1"]
[SourceVersionDate "1996.11.15"]
[SourceQuality "1"]

1. d4 f5 2. Nf3 Nf6 3. g3 g6 4. Bg2 Bg7 5. 0-0 0-0 6. c3 d6 7. Qb3+ e6 8. Ng5 d5 9. Nd2 h6 10. Ngf3 Nbd7 11. c4 c6 12. Ne1 Ne4 13. Ndf3 Kh7 14. Be3 b6 15. cxd5 exd5 16. Nd3 Bb7 17. Rac1 Qe7 18. Rfd1 g5 19. Qb4 Qxb4 20. Nxb4 Rac8 21. Rc2 a5 22. Nd3 c5 23. Rdc1 c4 24. Nde5 Nxe5 25. Nxe5 b5 26. f3 Nd6 27. Nd7 Rfe8 28. Bf2 Re7 29. Nc5 Bc6 30. b4 Ra8 31. a3 axb4 32. axb4 Rea7 33. Kf1 Ra1 34. Ke1 Rxc1+ 35. Rxc1 Ra2 36. Kd1 Rb2 37. Na6 Nb7 38. Rc2 Rb1+ 39. Kd2 Rb3 40. Rc3 Rb2+ 41. Rc2 Rb3 1/2-1/2

[Event "ROM-chT"]
[Site "Romania"]
[Date "1992.??.??"]
[Round "?"]
[White "Sheremetieva, Marina"]
[Black "Ionescu, Viorica"]
[Result "1/2-1/2"]
[WhiteElo "2195"]
[BlackElo "2175"]
[PlyCount "48"]
[EventDate "1992.??.??"]
[EventType "team"]
[EventRounds "9"]
[EventCountry "ROU"]
[SourceTitle "EXT 1997"]
[Source "ChessBase"]
[SourceDate "1996.11.15"]
[SourceVersion "1"]
[SourceVersionDate "1996.11.15"]
[SourceQuality "1"]

1. e4 c5 2. Nf3 d6 3. Bb5+ Bd7 4. Bxd7+ Qxd7 5. c4 Nc6 6. Nc3 Nf6 7. 0-0 g6 8. d4 cxd4 9. Nxd4 Bg7 10. Be3 Ng4 11. Nc2 Nxe3 12. Nxe3 0-0 13. Qd2 Rac8 14. Rad1 Rfe8 15. Ncd5 Ne5 16. b3 Qc6 17. Kh1 b5 18. f4 Nd7 19. e5 dxe5 20. Nb4 Qc5 21. Qxd7 Qxb4 22. fxe5 bxc4 23. Nxc4 Qc5 24. Rd5 Qc6 1/2-1/2